Aplikácia logistickej koncepcie KANBAN v KIA Motors Slovakia

Enregistré dans:
Détails bibliographiques
Auteur principal: Ondrejičková, Zuzana
Format: Livre
Langue:slovaque
Publié: Bratislava STU FCHPT 2008
Accès en ligne:Voir à l'OPAC
Tags: Ajouter un tag
Pas de tags, Soyez le premier à ajouter un tag!

MARC

LEADER 00000nam a2200000 a 4500
005 20260127134324.0
008 080821 2008 xo 000 0 slo d
035 |a vtls009324556 
039 9 |y 200808210836  |z mschk03 
040 |a STUSCHK1  |b slo  |c STUSCHK1  |e AACR2 
100 1 |a Ondrejičková, Zuzana 
245 1 |a Aplikácia logistickej koncepcie KANBAN v KIA Motors Slovakia 
260 |a Bratislava  |b STU FCHPT  |c 2008 
300 |a 82 s.  |b il.  |c 30 cm 
500 |a Obháj.: 11.6. 2008 
500 |a Zameranie: manažérstvo chemických a potravinárskych technológií 
500 |a Kombinácia študijných odborov: 5.2.52 priemyselné inžinierstvo, 5.2.18 chemické technológie 
910 |a SCHK95 
999 |c 9779  |d 9779